| 000 | 00757nam a22002657a 4500 | ||
|---|---|---|---|
| 003 | dpl | ||
| 005 | 20180529155451.0 | ||
| 008 | 180529b xxu||||| |||| 00| 0 eng d | ||
| 010 | _aA-716406 | ||
| 020 |
_c00.00 _a8170188334 |
||
| 035 | _aA-716406, A-716408 | ||
| 037 | _bCen Lib/Ret | ||
| 040 |
_aDPL _bEN _c0 |
||
| 082 |
_a881.08 _bMIS |
||
| 100 |
_aMishra, L.N _9104636 |
||
| 245 |
_aPoetry of Sarojini Naidu / _cby L.N. Mishra |
||
| 260 |
_aDelhi _bB.R. Publishing _c1995 |
||
| 270 |
_bDelhi _a1-Ansari road daryaganj _e110002 |
||
| 300 |
_a149p. _c20cm(Hb) |
||
| 490 | _aIndian writers series | ||
| 500 | _aIncludes index | ||
| 650 |
_a literature _96262 |
||
| 650 |
_apoetry _9104637 |
||
| 942 |
_2ddc _cEN _h881.08 _mMIS |
||
| 999 |
_c128517 _d128517 |
||